Home insulation (Record no. 114525)

MARC details
000 -LEADER
fixed length control field 01230cad a22002055a 4500
001 - CONTROL NUMBER
control field L156977
008 - FIXED-LENGTH DATA ELEMENTS--GENERAL INFORMATION
fixed length control field 120803s2012 xxk f 000 0 eng d
035 ## - SYSTEM CONTROL NUMBER
System control number (Sirsi) u156977
041 0# - LANGUAGE CODE
Language code of text/sound track or separate title eng
110 2# - MAIN ENTRY--CORPORATE NAME
Corporate name or jurisdiction name as entry element Office of Fair Trading
9 (RLIN) 1355
245 00 - TITLE STATEMENT
Title Home insulation
Remainder of title A report on the call of evidence carried out by the OFT
Medium [electronic resource]
260 ## - PUBLICATION, DISTRIBUTION, ETC.
Place of publication, distribution, etc. London
-- FT
Date of publication, distribution, etc. 2012
520 ## - SUMMARY, ETC.
Summary, etc. Office of Fair Trading report makes a number of recommendations to the Government and others to improve consumer protection and encourage more competition and choice in the insulation sector. In the evidence gathering for the report the OFT received comments that some traders are not always installing the most suitable form of insulation and in response has recommended that the government should ensure that a single body has clear responsibility for longer term monitoring of the quality of installations carried out under the ECO and Green Deal initiatives.
590 ## - LOCAL NOTE (RLIN)
Local note KA NTK
651 #4 - SUBJECT ADDED ENTRY--GEOGRAPHIC NAME
Geographic name United Kingdom
690 ## - LOCAL SUBJECT ADDED ENTRY--TOPICAL TERM (OCLC, RLIN)
Topical term or geographic name as entry element Energy
9 (RLIN) 6237
690 ## - LOCAL SUBJECT ADDED ENTRY--TOPICAL TERM (OCLC, RLIN)
Topical term or geographic name as entry element Sustainability
9 (RLIN) 6271
856 40 - ELECTRONIC LOCATION AND ACCESS
Uniform Resource Identifier <a href="https://www.oft.gov.uk/shared_oft/markets-work/energy-efficiency/oft1433.pdf">https://www.oft.gov.uk/shared_oft/markets-work/energy-efficiency/oft1433.pdf</a>
Public note View the item free of charge at www.oft.gov.uk
942 ## - ADDED ENTRY ELEMENTS (KOHA)
Suppress in OPAC 0
Holdings
Withdrawn status Lost status Source of classification or shelving scheme Damaged status Not for loan Home library Current library Shelving location Date acquired Total Checkouts Full call number Barcode Date last seen Copy number Price effective from Koha item type
    Dewey Decimal Classification     Virtual Virtual Online 03/08/2012   ONLINE PUBLICATION 156977-2001 06/08/2019 1 06/08/2019 Book